| Tag |
First Indicator |
Second Indicator |
Subfields |
| LEADER |
00000nmm a22000001a 4500 |
| 001 |
in00004615608 |
| 006 |
m|||||o||m|||||||| |
| 007 |
cr|cn |||uuuuu |
| 008 |
221118s2021 xxu||||eo|||| ||||||eng d |
| 005 |
20221207214806.6 |
| 035 |
|
|
|a (TxWaIVM)IV84979VaEt
|
| 040 |
|
|
|a TxWaIVM
|c TxWaIVM
|
| 245 |
0 |
0 |
|a Eternal Warrior (1992) #40 /
|c powered by Library Pass.
|
| 260 |
3 |
|
|a [United States] :
|b Valiant Entertainment,
|c 2021.
|
| 300 |
|
|
|a 1 online resource.
|
| 336 |
|
|
|a text
|b txt
|2 rdacontent
|
| 337 |
|
|
|a computer
|b c
|2 rdamedia
|
| 338 |
|
|
|a online resource
|b cr
|2 rdacarrier
|
| 520 |
|
|
|a To atone for the long ago loss of his tribe to his own arrogance, Gilad swears to save the people abducted to the grisly Body Farm! But will he be able to slake his thirst for vengeance and save the people before their bodies are harvested for spare parts?
|
| 521 |
|
|
|a 4
|
| 538 |
|
|
|a Requires a valid library card and registration for new users.
|
| 538 |
|
|
|a Mode of access: World Wide Web.
|
| 538 |
|
|
|a System requirements: Flash 10.1 or higher, Windows XP and higher, Internet Explorer 7 and higher, Firefox 3.6 and higher, Google Chrome; Max OS 10.5 and higher, Safari 4 and higher.
|
| 650 |
|
0 |
|a Comic books, strips, etc.
|
| 655 |
|
7 |
|a Electronic books.
|2 local
|
| 655 |
|
7 |
|a Comic books, strips, etc.
|2 gsafd
|
| 650 |
|
0 |
|a Detective and mystery comic books, strips, etc.
|
| 655 |
|
7 |
|a Detective and mystery comic books, strips, etc.
|2 gsafd
|
| 650 |
|
0 |
|a Comic books, strips, etc. --History
|
| 655 |
|
7 |
|a Comic books, strips, etc. --History
|2 gsafd
|
| 650 |
|
0 |
|a Comic books, strips, etc. --Mythology
|
| 655 |
|
7 |
|a Comic books, strips, etc. --Mythology
|2 gsafd
|
| 650 |
|
0 |
|a Comic books, strips, etc. --Superheroes
|
| 655 |
|
7 |
|a Comic books, strips, etc. --Superheroes
|2 gsafd
|
| 700 |
1 |
|
|a Ostrander, John.
|e writer.
|
| 700 |
1 |
|
|a Guice, Butch.
|e artist.
|
| 710 |
2 |
|
|a Library Pass, LLC.
|
| 856 |
4 |
0 |
|u http://proxy.library.tamu.edu/login?url=https://tamu.librarypass.com/product/com.iversecomics.valiant.entertainment.eternal.warrior.1992.fourty.english.10222021
|z Connect to this electronic book (First time users create your free account)
|t 0
|
| 955 |
|
|
|a Comics Plus.
|
| 999 |
f |
f |
|s e3cb58df-1ff7-4eaa-b2cd-af33b04ffdc5
|i 50c38705-ad98-40d6-b73f-7abfe0154957
|t 0
|
| 952 |
f |
f |
|a Texas A&M University
|b College Station
|c Electronic Resources
|d Available Online
|t 0
|h Library of Congress classification
|
| 998 |
f |
f |
|t 0
|l Available Online
|